[Event "BdF-Smaragd 05 email"]
[Site "GER email"]
[Date "2014.06.25"]
[Round "?"]
[White "Loik, Galina"]
[Black "Schramm, Leonore"]
[Result "1-0"]
[WhiteElo "1928"]
[BlackElo "1778"]
[PlyCount "57"]
[EventDate "2014.??.??"]
[EventType "tourn (corr)"]
[EventRounds "14"]
[EventCountry "GER"]
[SourceTitle "Corr 2015"]
[Source "ChessBase"]
[SourceDate "2015.07.17"]
[SourceVersion "1"]
[SourceVersionDate "2015.07.17"]
[SourceQuality "1"]

1. d4 g6 2. c4 Bg7 3. Nc3 d6 4. e4 Nd7 5. Nf3 e6 6. Be2 Ne7 7. 0-0 0-0 8. Be3 h6 9. Qd2 g5 10. h3 f5 11. exf5 exf5 12. d5 Nf6 13. Qc2 f4 14. Bd4 Bf5 15. Bd3 Qd7 16. Rfe1 Bxh3 17. gxh3 Qxh3 18. Rxe7 Qg4+ 19. Kf1 Rfe8 20. Rxe8+ Nxe8 21. Bh7+ Kh8 22. Qg6 Qh3+ 23. Ke2 Nf6 24. Bxf6 Bxf6 25. Qxf6+ Kxh7 26. Ne4 Qh5 27. Rh1 Qxh1 28. Nexg5+ hxg5 29. Nxg5+ 1-0

[Event "BdF-Smaragd 05 email"]
[Site "GER email"]
[Date "2014.06.25"]
[Round "?"]
[White "Martins, Karin"]
[Black "Loik, Galina"]
[Result "1-0"]
[WhiteElo "1809"]
[BlackElo "1928"]
[PlyCount "147"]
[EventDate "2014.??.??"]
[EventType "tourn (corr)"]
[EventRounds "14"]
[EventCountry "GER"]
[SourceTitle "Corr 2017"]
[Source "ChessBase"]
[SourceDate "2017.09.19"]
[SourceVersion "1"]
[SourceVersionDate "2017.09.19"]
[SourceQuality "1"]

1. e4 c5 2. Nf3 d6 3. d4 cxd4 4. Nxd4 Nf6 5. Nc3 a6 6. Be2 e5 7. Nb3 Be7 8. 0-0 0-0 9. Re1 Be6 10. Be3 Nbd7 11. a4 Rc8 12. Bf3 h6 13. a5 Qc7 14. Nd2 Nh7 15. Nf1 Rfd8 16. h3 Qc6 17. Ng3 Re8 18. Re2 Ndf6 19. Nd5 Bd8 20. Rd2 Bxd5 21. exd5 Qd7 22. Be2 Nf8 23. c3 Ng6 24. Bd3 Ne7 25. Bc2 Qc7 26. Qf3 Ng6 27. Nh5 Nxh5 28. Qxh5 e4 29. Rd4 Re5 30. Qg4 Bg5 31. Bxg5 Rxg5 32. Qxe4 Re5 33. Qd3 Rce8 34. Rc4 Qd8 35. Rb4 Qc7 36. Qd4 Re2 37. Bf5 R2e7 38. Bxg6 fxg6 39. Qc4 Qxc4 40. Rxc4 g5 41. Rb4 Rd7 42. Kf1 Re5 43. c4 Kf7 44. Rb6 Re4 45. b3 Ke7 46. f3 Re5 47. b4 Rc7 48. Rd1 Kf8 49. Re1 Rxe1+ 50. Kxe1 Kf7 51. Kd2 Rxc4 52. Rxb7+ Kf6 53. Rb6 Ke5 54. Kd3 Rf4 55. Kc3 Kxd5 56. Rxa6 Rc4+ 57. Kb3 Rd4 58. Rb6 Rd3+ 59. Ka4 Rd2 60. a6 Rxg2 61. Rb7 Ra2+ 62. Kb5 g6 63. a7 Kd4 64. Kc6 Ke3 65. b5 Kxf3 66. b6 g4 67. hxg4 Kxg4 68. Rb8 Rd2 69. b7 d5 70. a8Q d4 71. Rf8 Rc2+ 72. Kd7 d3 73. b8Q d2 74. Qf4+ 1-0